000 03276cam a22004934i 4500
003 PE-LiUPU
005 20250731173359.0
008 150706s r 000 0 d
020 _a9780310219880
035 _a(Sirsi) i9780310219880
040 _aPE-LiUPU
_bspa
_cPE-LiUPU
_erda
049 _aPRUA
082 0 4 _a261.8357
_bP32
_221
100 1 _aPayne, Philip B.,
_eautor.
245 1 0 _aMan and woman, one in Christ :
_ban exegetical and theological study of Paul's Letters /
_cPhilip B. Payne.
264 1 _aGrand Rapids :
_b Zondervan,
_c2009.
300 _a511 páginas ;
_c23 centímetros
336 _atext
_2rdacontent
337 _aunmediated
_2rdamedia
338 _avolume
_2rdacarrier
504 _aIncluye Bibliografía.
505 0 _aMy odyssey -- Backgrounds to Paul's teaching regarding man and woman -- Women Paul names as ministry leaders -- Paul's theological axioms imply the equality of man and woman -- Galatians 3:28 : man and woman, one in Christ -- 1 Corinthians 7 : the equal rights of man and woman in marriage -- 1 Corinthians 11:2-16 : introduction -- 1 Corinthians 11:2-3 : head/source relationships -- 1 Corinthians 11:4 : the disgrace of a man "having down from the head" -- 1 Corinthians 11:5-6 : the disgrace of a woman's head "uncovered" -- 1 Corinthians 11:7-10 : theological reasons for head-covering rules -- 1 Corinthians 11:11-12 : the equal standing of woman and man in Christ -- 1 Corinthians 11:13-16 : shameful head coverings explained as hair -- 1 Corinthians 11:2-16 : conclusion and application -- 1 Corinthians 14:34-35 : did Paul forbid women to speak in church? -- Ephesians 5:21-33 and Colossians 3:18-19 : husband-wife relationships -- 1 Timothy 2:8-15 : introduction : the Ephesian church situation addressed in 1 Timothy -- 1Timothy 2:8-11 : "let a woman learn in quietness and in all submission" -- 1 Timothy 2:12, part I : "I am not permitting a woman to teach" -- 1 Timothy 2:12, part II : does . separate two prohibitions or conjoin them? -- 1 Timothy 2:12, part III : does . mean "assume authority"? -- 1 Timothy 2:13-14 : the need for respect, the danger of deception -- 1 Timothy 2:15 : salvation through "the childbirth" -- 1 Timothy 3:1-13 and Titus 1:5-9 : may women be overseers and deacons? -- Conclusion: Paul consistently champions the equality of man and woman in Christ.
526 _aSEG42
526 _aSEG41
526 _aSEG40
526 _aSEG39
526 _aP94
526 _aP87
526 _aP86
526 _aP85
526 _aP77
526 _aP76
526 _aP35
541 _g001-0000490;
630 _aBiblia
_xCrítica, interpretación, etc.
650 0 4 _aigualdad
_xEnseñanza bíblica.
650 0 4 _aSexismo
_xEnseñanza bíblica.
910 _agl
_bjck
_d20101223
942 _2ddc
_cBOOK
949 _a261.8357 P32
_wDEWEY
_c1
_i62449
_lCCODEBUL1
_mBUL
_p20.00
_r0
_sY
_tBOOK
_u2015-7-6
_xTEOLOGIA
_PP35
_0COMPRA
_o.STAFF. Colección General
994 _aC0
_bPEPRU
596 _a1
999 _a261.8357 P32
_wDEWEY
_c51489
_i62449
_d51489
_f2021-11-10
_g5
_lCCODEBUL1
_mBUL
_p20.00
_q1
_r0
_sY
_tBOOK
_u2015-7-6
_xTEOLOGIA
_PP35
_0COMPRA
_o.STAFF. Colección General
980 _81
_gALBERTO SANCHEZ Responsable de Automatización